| 000 | 01196cam a22001934a 4500 | ||
|---|---|---|---|
| 005 | 20250724134459.0 | ||
| 008 | 250528s ||||||||||||||||||||||||d | ||
| 035 | _a18363 | ||
| 020 | _a131417924 | ||
| 040 |
_aGR-AtMCL _bgre _dGR-AtMCL _eAACR2 |
||
| 245 | 1 | _aNetwork Systems Design / Using Network Processors Intel Ixp Version | |
| 260 |
_bPrentice Hall, _c2004 |
||
| 300 | _a518 | ||
| 520 | _aThis text explains the software and hardware architectures used to implement the Internet, including switches, routes, bridges, NAT boxes, firewalls, intrusion-detection systems and load balancers. Foreword, Preface, Introduction and Overview, Review of Protocols and Packet Format, Traditional Protocol Processing Systems, Conventional Computer Hardware Architecture, Packet Processing Functions, Classification and Forwarding, Networks Processor Technology, Issues in Scaling A Network Processor, Languages Used for Classification, Example Network Processor, Overview of the Intel Network Processor, Micro Engine Programming, An Example ACE, Glossary of Terms and Abbreviations, Bibliography, Index. | ||
| 700 | 1 |
_aComer, Douglas E. _92949 |
|
| 942 | _cBK | ||
| 999 |
_c3725 _d3725 |
||